000 00512nam a2200193Ia 4500
003 OSt
005 20241228102035.0
008 210716s1988 xx 000 0 und d
020 _a0373111924
040 _cAIMIT LIBRARY
041 _aeng
082 _a808.83
_21
_bHOLS
100 _aHolland, Sarah.
_9191915
245 _aHeat is on /
_cBy Sarah Holland.
250 _a1st ed.
260 _aNew York :
_bHarlequin Books ;
_c1988.
300 _a189p.;
_bPB
_c17 cm.
942 _2ddc
_cBK
_e1st ed.
_k808.83 HOLS
999 _c199860
_d199860